Miradas para repensar el siglo XX: El Salvador 1880-1990 (Registro nro. 33344)

Detalles MARC
000 -CABECERA
Longitud fija campo de control 00639nam a22001937a 4500
003 - IDENTIFICADOR DELl NÚMERO DE CONTROL
Identificador del número de control OSt
005 - FECHA Y HORA DE LA ÚLTIMA TRANSACCIÓN
Fecha y hora de la última transacción 20220921224137.0
008 - CÓDIGOS DE INFORMACIÓN DE LONGITUD FIJA
Códigos de información de longitud fija 220921b ||||| |||| 00| 0 eng d
020 ## - NÚMERO INTERNACIONAL NORMALIZADO PARA LIBROS
Número Internacional Normalizado para Libros (ISBN) 978-99961-89-57-9
040 ## - FUENTE DE LA CATALOGACIÓN
Centro catalogador de origen BMC
Centro transcriptor BMC
082 ## - NÚMERO DE LA CLASIFICACIÓN DECIMAL DEWEY
Númeroo de clasificación 972.84052
245 00 - MENCIÓN DE TÍTULO
Título Miradas para repensar el siglo XX: El Salvador 1880-1990
Resto del título : historiografía contemporánea
250 ## - MENCIÓN DE EDICIÓN
Mención de edición 1ª ed
260 ## - PUBLICACIÓN, DISTRIBUCIÓN, ETC. (PIE DE IMPRENTA)
Lugar de publicación, distribución, etc. San Salvador, El Salvador
Nombre del editor, distribuidor, etc. Ministerio de Educación
Fecha de publicación, distribución, etc. 2018
Lugar de fabricación Talleres Gráficos UCA
300 ## - DESCRIPCIÓN FÍSICA
Extensión 333 p.
Dimensiones 23 cm
490 ## - MENCIÓN DE SERIE
Mención de serie Biblioteca Escolar Presidencial
Designación de volumen o secuencia 13
651 #0 - PUNTO DE ACCESO ADICIONAL DE MATERIA - NOMBRE GEOGRÁFICO
9 (RLIN) 5370
Nombre geográfico El Salvador
Subdivisión de materia general Historia
Subdivisión cronológica S.XX
942 ## - ENTRADA DE ELEMENTOS AGREGADOS (KOHA)
Fuente de clasificaión o esquema Dewey Decimal Classification
Koha [por defecto] tipo de item 1- Monografias
Parte de clasificación prozim
Existencias
Suprimido Perdido Fuente de clasificación o esquema Estropeado Restricciones de uso No para préstamo Código de colección Localización permanente Localización actual Localización en estanter&íacute;as Fecha adquisición Fuente de adquisición Número de inventario Préstamos totales Signatura completa Código de barras Fecha última consulta Fecha del precio de reemplazo Tipo de item de Koha
NULL NULL Dewey Decimal Classification NULL Prestable NULL NULL Biblioteca Miguel de Cervantes - UNICAES Biblioteca Miguel de Cervantes - UNICAES Sala Principal 29/06/2022 Donación - Facultad de Ciencias y Humanidades 035244   972.84 MIR 1049831 21/09/2022 21/09/2022 1- Monografias
NULL NULL Dewey Decimal Classification NULL Prestable NULL NULL Biblioteca Miguel de Cervantes - UNICAES Biblioteca Miguel de Cervantes - UNICAES Sala Principal 29/06/2022 Donación - Facultad de Ciencias y Humanidades 035245   972.84 MIR 1049832 21/09/2022 21/09/2022 1- Monografias